Najkrótsze nazwy państw A-Z - Statystyki

Ogólne statystyki
  • Ten quiz został rozwiązany 6 204 razy
    6 109 od ostatniego zresetowania
  • Średni wynik to 19 z 24
Statystyki odpowiedzi
Litera Długość Państwo % Poprawnych
O 4 Oman
95%
Ł 5 Łotwa
94%
C 4 Czad | Cypr
91%
D 5 Dania
89%
I 4 Iran | Irak
87%
Z 6 Zambia
86%
J 5 Jemen
85%
N 5 Nauru | Nepal | Niger
85%
P 4 Peru
82%
V 7 Vanuatu
82%
A 6 Angola | Andora
81%
F 5 Fidżi
81%
H 5 Haiti
78%
M 4 Mali
78%
R 5 Rosja
78%
G 5 Ghana | Gabon
77%
L 4 Laos
76%
T 4 Togo
74%
U 6 Uganda
72%
S 5 Samoa | Sudan | Syria
68%
B 5 Benin
62%
E 5 Egipt
56%
K 4 Kuba
55%
W 5 Węgry
39%
Nie znaleziono quizów pasujących do podanych kryteriów
Rozkład punktacji
Procent ludzi z każdym wynikiem
Percentyl według liczby udzielonych odpowiedzi
Twoja historia wyników
Nie rozwiązałeś tego quizu od ostatniego zresetowania